[Event "Plovdiv Tringov Memorial 36th"]
[Site "Plovdiv"]
[Date "2014.02.02"]
[Round "1"]
[White "Stoyanov, Iliyan"]
[Black "Nikolov, Sasho"]
[Result "0-1"]
[WhiteElo "1723"]
[BlackElo "2365"]
[PlyCount "86"]
[EventDate "2014.02.02"]
[EventType "swiss"]
[EventRounds "9"]
[EventCountry "BUL"]
[SourceTitle "CBM 158 Extra"]
[Source "ChessBase"]
[SourceDate "2014.02.28"]
[SourceVersion "1"]
[SourceVersionDate "2014.02.28"]
[SourceQuality "1"]

1. d4 Nf6 2. c4 e6 3. Nf3 b6 4. Nc3 Bb4 5. Bg5 h6 6. Bxf6 Bxc3+ 7. bxc3 Qxf6 8. g3 Bb7 9. Bg2 0-0 10. 0-0 d6 11. Nd2 Bxg2 12. Kxg2 Nc6 13. e4 e5 14. d5 Nb8 15. Qc2 Nd7 16. f4 exf4 17. Rxf4 Qe7 18. Nb3 Ne5 19. Qe2 Rae8 20. Re1 Qd7 21. Nd4 Qa4 22. Nf5 Qxc4 23. Qxc4 Nxc4 24. Rg4 g6 25. Nxh6+ Kh7 26. Rh4 Kg7 27. Ng4 Re7 28. Nf2 Rfe8 29. g4 Re5 30. Re2 Rxd5 31. Rh3 Rde5 32. Rd3 d5 33. Rd4 Nd6 34. Kf3 f5 35. gxf5 gxf5 36. Kf4 fxe4 37. Ng4 Rh5 38. Ne3 c6 39. c4 Rf8+ 40. Kg4 Rh6 41. h4 Rg6+ 42. Kh3 Rf3+ 43. Kh2 Rxe3 0-1

[Event "Plovdiv Tringov Memorial 35th"]
[Site "Plovdiv"]
[Date "2013.02.03"]
[Round "1"]
[White "Stoyanov, Iliyan"]
[Black "Lilov, Valeri"]
[Result "0-1"]
[WhiteElo "1745"]
[BlackElo "2433"]
[PlyCount "66"]
[EventDate "2013.02.03"]
[EventType "swiss"]
[EventRounds "9"]
[EventCountry "BUL"]
[SourceTitle "CBM 152 Extra"]
[Source "ChessBase"]
[SourceDate "2013.02.25"]
[SourceVersion "1"]
[SourceVersionDate "2013.02.25"]
[SourceQuality "1"]

1. d4 Nf6 2. Nf3 e6 3. c4 b6 4. Nc3 Bb7 5. Bg5 Be7 6. e3 0-0 7. Bd3 c5 8. 0-0 cxd4 9. Nxd4 Nc6 10. Rc1 Nxd4 11. exd4 d5 12. cxd5 Nxd5 13. Bxe7 Qxe7 14. Nxd5 Bxd5 15. Rc3 Qg5 16. g3 Rfd8 17. Qe2 g6 18. Rd1 Rac8 19. a3 Rxc3 20. bxc3 Ba8 21. Be4 Bxe4 22. Qxe4 Qa5 23. Qc6 Qxa3 24. Qc7 Rd5 25. c4 Rf5 26. d5 Qa2 27. f4 Qe2 28. Rf1 Qe3+ 29. Kg2 Qe4+ 30. Kg1 Qd4+ 31. Kg2 exd5 32. cxd5 Qxd5+ 33. Kg1 Qc5+ 0-1